[Event "IECC Y2KO email"]
[Site "IECC email"]
[Date "1999.10.14"]
[Round "?"]
[White "Riley, Melvin"]
[Black "Nowicki, Andrzej"]
[Result "0-1"]
[WhiteElo "1142"]
[BlackElo "1845"]
[PlyCount "26"]
[EventDate "1999.??.??"]
[EventType "tourn (corr)"]
[EventRounds "2"]
[SourceTitle "Corr 2008"]
[Source "ChessBase"]
[SourceDate "2008.06.24"]
[SourceVersion "1"]
[SourceVersionDate "2008.06.24"]
[SourceQuality "1"]

1. d4 Nf6 2. e3 e6 3. Bd3 d5 4. f3 c5 5. c4 Nc6 6. Ne2 cxd4 7. exd4 e5 8. dxe5 Nxe5 9. f4 Nxd3+ 10. Qxd3 dxc4 11. Qxc4 Qb6 12. a3 Bc5 13. Rf1 Be6 0-1

[Event "IECC CL7-1999.16"]
[Site "IECC email"]
[Date "1999.03.08"]
[Round "?"]
[White "Huang, Peter"]
[Black "Riley, Melvin"]
[Result "1-0"]
[WhiteElo "1133"]
[BlackElo "1209"]
[PlyCount "79"]
[EventDate "1999.??.??"]
[EventType "tourn (corr)"]
[EventRounds "4"]
[SourceTitle "Corr 2008"]
[Source "ChessBase"]
[SourceDate "2008.06.24"]
[SourceVersion "1"]
[SourceVersionDate "2008.06.24"]
[SourceQuality "1"]

1. e4 e5 2. Nf3 d6 3. Bc4 Bg4 4. h3 Bh5 5. g4 Bg6 6. Nc3 c6 7. d4 f6 8. 0-0 Nd7 9. Be3 b5 10. Bd3 b4 11. Ne2 d5 12. Ng3 a5 13. exd5 cxd5 14. dxe5 Bxd3 15. Qxd3 Nxe5 16. Qe2 Nxf3+ 17. Qxf3 Rc8 18. Qe2 Ne7 19. a3 Nc6 20. Bb6+ Qe7 21. Qa6 Qd7 22. Rfd1 d4 23. Bxd4 Nxd4 24. Rxd4 Qxd4 25. Qxc8+ Qd8 26. Qc6+ Qd7 27. Qa8+ Qd8 28. Qe4+ Qe7 29. Qxe7+ Bxe7 30. axb4 axb4 31. Ra8+ Bd8 32. Rb8 0-0 33. Rxb4 Re8 34. Rb8 Re1+ 35. Kg2 g6 36. Rxd8+ Kf7 37. c4 Rc1 38. b3 Rc3 39. Rb8 Ke6 40. Ne2 1-0

[Event "IECC CL7-1999.16"]
[Site "IECC email"]
[Date "1999.03.08"]
[Round "?"]
[White "Wylie, Richard"]
[Black "Riley, Melvin"]
[Result "0-1"]
[WhiteElo "1087"]
[BlackElo "1192"]
[PlyCount "70"]
[EventDate "1999.??.??"]
[EventType "tourn (corr)"]
[EventRounds "4"]
[SourceTitle "Corr 2008"]
[Source "ChessBase"]
[SourceDate "2008.06.24"]
[SourceVersion "1"]
[SourceVersionDate "2008.06.24"]
[SourceQuality "1"]

1. e4 e5 2. d4 Bd6 3. d5 Bb4+ 4. c3 Bc5 5. Qg4 Qe7 6. Qxg7 Qf6 7. Qg3 d6 8. Bg5 Qxf2+ 9. Qxf2 Bxf2+ 10. Kxf2 f6 11. Be3 f5 12. g3 fxe4 13. Nd2 Nf6 14. Be2 Rf8 15. Ke1 Nxd5 16. Bh5+ Kd7 17. Bg5 h6 18. Bxh6 Rh8 19. Bg4+ Kc6 20. Bxc8 Rxh6 21. Nxe4 Nd7 22. Bxd7+ Kxd7 23. Ke2 Rf8 24. Nf3 Ne7 25. Rhf1 Kc8 26. Rf2 d5 27. Neg5 e4 28. Nd4 Rxf2+ 29. Kxf2 Rxh2+ 30. Ke3 c5 31. Nde6 Nf5+ 32. Kf4 Rf2+ 33. Kg4 Ne3+ 34. Kh3 Rf6 35. Nxc5 Rh6# 0-1